Statystyki dla Marki Samochodów Rejestrowanych w Polsce

Kliknij tutaj aby rozwiązać quiz!

Ogólne statystyki

  • Ten quiz został rozwiązany 3 857 razy
    (1 613 od ostatniego zresetowania)
  • Średni wynik to 7 z 10

Statystyki odpowiedzi

Lp.Rejestrowanych samochodów rocznie%Marka% Poprawnych
10.21,7553.9Mercedes-Benz
81%
3.53,8459.7Volkswagen
80%
4.33,8056.1Opel
79%
1.68,64612.4Skoda
79%
2.62,77111.3Toyota
76%
6.30,1325.4Ford
71%
9.24,3784.4Hyundai
63%
8.27,5815.0Renault
62%
7.29,3895.3Kia
59%
5.31,2485.6Dacia
46%

Rozkład punktacji

Percentyl według liczby udzielonych odpowiedzi

Procent ludzi z każdym wynikiem

Twoja historia wyników

Nie rozwiązałeś tego quizu od ostatniego zresetowania